Essential of leadership

Bibliographic Details
Other Authors: Title, Kinkaid, Ben
Format: Book
Published: New York : Larsen & Keller Education , 2022
Series:Textbook series
Subjects:

MARC

LEADER 00000cam a2200000 7i4500
001 0000089428
005 20230125121337.0
008 220510
020 |a 9781641725230 
041 0 |a English 
090 0 0 |a 658.409   |b ESS 
245 1 0 |a Essential of leadership 
260 |a New York :   |b Larsen & Keller Education ,   |c 2022 
300 |a 215 p. :   |b ill., col. ;   |c 26.3 cm. 
490 0 |a Textbook series 
541 |c Purchased on 2021   |f 2114-21 ARI   |h RM364.05 
650 0 |a Leadership 
650 0 |a Management 
700 0 |a Title 
700 1 |a Kinkaid, Ben 
999 |a 0001681513   |b Book   |c REFERENCE   |e Perbadanan Perpustakaan Awam Johor